Využiteľnosť vápnika z rôznych zdrojov požívatín

Gespeichert in:
Bibliographische Detailangaben
1. Verfasser: Bartová, Patrícia (Verfasst von)
Weitere Verfasser: Hybenová, Eva (Betreuung Doktorarbeit)
Format: Manuskript Buch
Sprache:Slowakisch
Veröffentlicht: 2015
Schlagworte:
Online-Zugang:http://is.stuba.sk/zp/portal_zp.pl?podrobnosti=102113
Tags: Tag hinzufügen
Keine Tags, Fügen Sie das erste Tag hinzu!

MARC

LEADER 00000ntm a22000003a 4500
001 stuzp52770
003 SK-STU
005 20160719154256.8
007 ta
008 150427s2015----xo-----f-mn---000-0-slo-d
040 |a STU  |b slo 
041 0 |a slo 
100 1 |a Bartová, Patrícia  |u 043360  |4 aut  |U FCHPT Ústav biochémie, výživy a ochrany zdravia  |T FCHPT Oddelenie výživy a hodnotenia potravín  |X 61411  |U C3360  |Y 114  |7 61411 
242 0 1 |a Calcium Bioavailability from a Different Food Sources  |y eng 
245 1 0 |a Využiteľnosť vápnika z rôznych zdrojov požívatín 
260 |c 2015 
650 4 |a využiteľosť  |2 slo 
650 4 |a vápnik  |2 slo 
650 4 |a mliečne výrobky  |2 slo 
650 4 |a mak  |2 slo 
650 4 |a minerálne vody  |2 slo 
650 4 |a dairy products  |2 eng 
650 4 |a mineral waters  |2 eng 
650 4 |a bioavailability  |2 eng 
650 4 |a calcium  |2 eng 
650 4 |a poppy seeds  |2 eng 
700 1 |a Hybenová, Eva  |4 ths  |X 3897  |7 A000003897 
856 4 |u http://is.stuba.sk/zp/portal_zp.pl?podrobnosti=102113 
SQL |a stuzp52770  |b DBP  |c SLO  |d Využiteľnosť vápnika z rôznych zdrojov požívatín  |e 61411  |f Bartová, Patrícia  |g 043360  |h 3897  |i Hybenová, Eva  |j 20150715  |k 520  |l 04  |m http://is.stuba.sk/zp/portal_zp.pl?podrobnosti=102113  |n B-oVYKOZ  |o 5.2.24. potravinárstvo